<?xml version='1.0' encoding='UTF-8'?>
  <record xmlns="http://www.loc.gov/MARC21/slim">
    <leader>00000cam a22000007i 4500</leader>
    <controlfield tag="001">ocm65299132</controlfield>
    <controlfield tag="003">OCoLC</controlfield>
    <controlfield tag="005">20250628200321.3</controlfield>
    <controlfield tag="008">900621s1772    ne            000 0 dut d</controlfield>
    <datafield tag="040" ind1=" " ind2=" ">
      <subfield code="a">NLGGC</subfield>
      <subfield code="b">dut</subfield>
      <subfield code="e">fobidrtb</subfield>
      <subfield code="c">NLGGC</subfield>
    </datafield>
    <datafield tag="029" ind1="0" ind2=" ">
      <subfield code="a">NLGGC</subfield>
      <subfield code="b">063194015</subfield>
    </datafield>
    <datafield tag="035" ind1=" " ind2=" ">
      <subfield code="a">(OCoLC)65299132</subfield>
    </datafield>
    <datafield tag="245" ind1="0" ind2="0">
      <subfield code="a">Huismans handboek, voorgesteld in den Frieschen stalmeester en koeyen-dokter :</subfield>
      <subfield code="b">waar in de onderscheidene rassen der paarden word beschreeven ... : nog eene volkomene beschryving van de ziektens en ongemakken van het rundvee, en de beste middelen om die te helpen en te verbeteren : eindelyk, eene volledige verhandeling van de dolle-hondsziekte, benevens onfeilbaare middelen om die te genezen : tot nut en gebruik van alle landlieden die rundvee en paarden houden, paardekoopers ... zamengesteld /</subfield>
      <subfield code="c">door J. W.</subfield>
    </datafield>
    <datafield tag="260" ind1=" " ind2=" ">
      <subfield code="a">Te Leeuwarden :</subfield>
      <subfield code="b">ter drukkerye van H. A. de Chalmot,</subfield>
      <subfield code="c">1772.</subfield>
    </datafield>
    <datafield tag="300" ind1=" " ind2=" ">
      <subfield code="a">[XIV], 204 p. ;</subfield>
      <subfield code="c">8-o.</subfield>
    </datafield>
    <datafield tag="336" ind1=" " ind2=" ">
      <subfield code="a">tekst</subfield>
      <subfield code="b">txt</subfield>
      <subfield code="2">rdacontent/dut</subfield>
    </datafield>
    <datafield tag="337" ind1=" " ind2=" ">
      <subfield code="a">zonder medium</subfield>
      <subfield code="b">n</subfield>
      <subfield code="2">rdamedia/dut</subfield>
    </datafield>
    <datafield tag="338" ind1=" " ind2=" ">
      <subfield code="a">band</subfield>
      <subfield code="b">nc</subfield>
      <subfield code="2">rdacarrier/dut</subfield>
    </datafield>
    <datafield tag="776" ind1="0" ind2=" ">
      <subfield code="t">Huismans handboek, voorgesteld in den Frieschen stalmeester en koeyen-dokter</subfield>
      <subfield code="w">(NL-LeOCL)425991490</subfield>
    </datafield>
    <datafield tag="776" ind1="0" ind2=" ">
      <subfield code="t">Huismans handboek, voorgesteld in den Frieschen stalmeester en koeyen-dokter</subfield>
      <subfield code="w">(NL-LeOCL)425991504</subfield>
    </datafield>
    <datafield tag="936" ind1=" " ind2=" ">
      <subfield code="a">BATCHLOAD</subfield>
    </datafield>
  </record>